Á lódáil...
Thachhante makal /
| Príomhúdar: | |
|---|---|
| Formáid: | Printed Book |
| Teanga: | Malayalam |
| Foilsithe: |
Kottayam :
DCB ,
1995.
|
| Ábhair: |
| LEADER | 00537nam a2200169Ia 4500 | ||
|---|---|---|---|
| 008 | 150624b xxu||||| |||| 00| | mal d | ||
| 999 | |c 83782 |d 83782 | ||
| 020 | |a 8171303692 | ||
| 082 | |a 851.633 | ||
| 100 | |a Vijayalakshmi | ||
| 245 | |c Vijayalakshmi |a Thachhante makal / | ||
| 260 | |a Kottayam : |b DCB , |c 1995. | ||
| 300 | |a 67p.; |c 21cm. | ||
| 546 | |a In Malayalam. | ||
| 650 | |a Malayalam poetry | ||
| 942 | |c BK | ||
| 952 | |0 0 |1 0 |4 0 |6 851_633000000000000_THA_M |7 0 |9 83726 |a UL |b UL |c ST1 |d 1998-11-11 |l 1 |o 851.633 THA M |p 70940 |r 2013-05-16 |s 2013-05-02 |v 20.00 |y BK | ||